01294nac a22003377a 4500001001000000003000900010005001700019008003400036040005400070072000800124090001900132100001400151100001900165110008500184245015500269260003400424300000900458490010500467650001600572650001300588650001900601650002700620650002900647650002700676650001100703650001300714909004700727942001700774999001900791952014600810BR8005319BR-BrBNA20240105114758.0230509b bl.|||m| |||| 00| 0 por d aBR-BrBNAbporcBiblioteca Nacional de Agricultura aF25 a1580 BR80053191 aCesar, J.1 aGuedes, A.L.C.1 aUnidade de Execucao de Pesquisa de Ambito Estadual de Manaus, AM (Brasil)9103691 aAnalise da resposta de tres cultivares de batata-doce a diferentes tipos de adubacao, em termos de rentabilidade e risco, em Manaus [Amazonas, Brasil]3 aManaus, AM (Brasil): c1980.  a3 p. aComunicado Tecnico - Unidade de Execucao de Pesquisa de Ambito Estadual de Manaus (Brazil)vno. 12x aBATATA DOCE aADUBACAO aADUBO ORGANICO aFERTILIZANTE POTASSICO aFERTILIZANTE NITROGENADO aFERTILIZANTE FOSFATADO aMANAUS aAMAZONAS a202312bLúcia Elandec55dLúcia Elande 2AGRISn0cMS c271245d271245 002AGRIS40708Acervo Gerala41918b41918cAGROBASEl0o1580 BR8005319p1580 BR8005319r2023-12-18yMSePortaria Interministerial nº 164/94